[Event "Hampstead Under 2200 19-20 January 2013"]
[Site "London, England"]
[Date "2013.01.19"]
[Round "3"]
[White "Atako,Chino"]
[Black "Sloan,Cecil"]
[Result "1-0"]
[WhiteElo "2117"]
[BlackElo "1730"]

1.e4 c5 2.Nf3 g6 3.d4 cxd4 4.Qxd4 Nf6 5.e5 Nc6 6.Qa4 Nd5 7.Qe4 Nc7 8.Bf4 Bg7
9.Nc3 O-O 10.O-O-O Ne6 11.Bg3 Qa5 12.Bc4 Nc7 13.Kb1 b5 14.Bb3 Ne6 15.Bxe6 fxe6
16.h4 b4 17.Ne2 b3 18.cxb3 Bb7 19.Nc3 Nd8 20.Qe3 Bxf3 21.gxf3 Nf7 22.Rxd7 {#r}
1-0

[Event "Hampstead Under 2200 19-20 January 2013"]
[Site "London, England"]
[Date "2013.01.19"]
[Round "3"]
[White "Fordham,Nicholas"]
[Black "Keohane,Ben"]
[Result "1-0"]
[WhiteElo "1850"]
[BlackElo "2114"]

1.b3 f6 2.e3 Nh6 3.Bb2 d5 4.c4 c6 5.cxd5 cxd5 6.Bb5+ Nc6 7.Nc3 Nf7 8.Nge2 a6
9.Bxc6+ bxc6 10.d4 Bf5 11.O-O e6 12.Ng3 Bg6 13.Nh5 f5 14.Nf4 Qf6 15.Na4 Bd6
16.Qc1 Nd8 17.Ba3 Bxf4 18.exf4 Qxd4 19.Bc5 Qf6 20.Re1 Bh5 21.Qe3 Bf7 22.Nb6
Rb8 23.Bd4 Qg6 24.Qe5 Rb7 25.Qd6 Re7 26.Nc8 Rd7 27.Qc5 Rc7 28.Nd6+ Kd7 29.Be5
Bg8 30.Rad1 Qg4 31.Nc4 Nb7 32.Qf8 {#r} 1-0

[Event "Hampstead Under 2200 19-20 January 2013"]
[Site "London, England"]
[Date "2013.01.19"]
[Round "3"]
[White "Haridas,Girinath"]
[Black "Hayward,Alan"]
[Result "1-0"]
[WhiteElo "1773"]
[BlackElo "1962"]

1.d4 d5 2.c4 Nc6 3.Nf3 Bg4 4.cxd5 Bxf3 5.dxc6 Bxc6 6.Nc3 e6 7.e4 Bb4 8.f3 f5
9.e5 Qh4+ 10.g3 Qh5 11.Bg2 O-O-O 12.O-O Bc5 13.Be3 f4 14.Bf2 Ne7 15.Qb3 fxg3
16.hxg3 Rxd4 17.a3 Bxf3 18.Na4 Bxg2 19.Kxg2 Rxa4 20.Bxc5 Qe2+ 21.Kg1 Qxe5
22.Bxe7 Rg4 23.Rf3 h5 24.Rd1 h4 25.Bxh4 Qc5+ 26.Kg2 Rhxh4 27.Qxe6+ Kb8 28.Qe8#
1-0

[Event "Hampstead Under 2200 19-20 January 2013"]
[Site "London, England"]
[Date "2013.01.19"]
[Round "3"]
[White "Caputo,Francesco"]
[Black "Vachtfeidl,Petr"]
[WhiteElo "1770"]
[BlackElo "1952"]

1.e4 c5 2.Nf3 e6 3.Nc3 Nc6 4.d4 cxd4 5.Nxd4 a6 6.g3 d6 7.Bg2 Bd7 8.a4 Nf6
9.O-O Be7 10.Nb3 b6 11.f4 Rb8 12.Qe2 Nb4 13.Be3 Qc7 14.Rf2 O-O 15.Nd4 Rfc8
16.f5 Nc6 17.fxe6 fxe6 18.Nxc6 Bxc6 19.Bd4 e5 20.Be3 b5 21.axb5 axb5 22.Nd5
Nxd5 23.exd5 Bd7 24.Qh5 g6 25.Qh6 Bf8 26.Qg5 Bg7 27.Raf1 Rf8 28.Qe7 Rbe8
29.Rxf8+ Rxf8 30.c3 Rxf1+ 31.Bxf1 Bf8 32.Qh4 Qa5 33.Qg5 Qa1 34.Bc1 Qb1 35.Qd2
Qa2 36.h4 Qa7+ 37.Qe3 Qxe3+ 38.Bxe3 Kf7 39.b3 e4 40.c4 bxc4 41.bxc4 Bg7 42.Kf2
Ba4 43.c5 dxc5 44.Bxc5 Bb3 45.d6 Ba4 46.Bh3 Ke8 47.Ke3 Bc6 *

[Event "Hampstead Under 2200 19-20 January 2013"]
[Site "London, England"]
[Date "2013.01.19"]
[Round "3"]
[White "Dydak,Mateusz"]
[Black "Hassabis,George"]
[Result "0-1"]
[WhiteElo "1952"]
[BlackElo "1674"]

1.e4 e6 2.d4 d5 3.Nc3 Nf6 4.Bg5 Be7 5.e5 Nfd7 6.h4 Bxg5 7.hxg5 a6 8.Qg4 Nf8
9.Nh3 c5 10.dxc5 Qc7 11.O-O-O Qxc5 12.Bd3 Nc6 13.Rhe1 Bd7 14.Nf4 Rc8 15.Nh5 b5
16.Nxg7+ Kd8 17.Kb1 Rg8 18.Nh5 h6 19.Nf6 Rxg5 20.Qh4 Nb4 21.Rc1 Qe7 22.g3 Nxd3
23.cxd3 Ng6 24.Qxh6 Rxe5 25.Rxe5 Nxe5 26.Ng8 Qd6 27.Qg5+ Ke8 28.Nf6+ Kf8
29.Nxd7+ Nxd7 30.Rh1 Ke8 31.Ne2 Qe5 32.Qg8+ Nf8 33.Rh8 Ke7 34.Qg4 Qxh8 {#R}
0-1

[Event "Hampstead Under 2200 19-20 January 2013"]
[Site "London, England"]
[Date "2013.01.19"]
[Round "3"]
[White "Balouka-Myers,Gabriel"]
[Black "Batkin,Cyril"]
[Result "1-0"]
[WhiteElo "1507"]
[BlackElo "1816"]

1.d4 d5 2.c4 c6 3.Nc3 Nf6 4.Nf3 dxc4 5.e3 Bf5 6.Bxc4 e6 7.Qb3 Qc7 8.O-O Be7
9.Bd2 Nbd7 10.Rac1 O-O 11.a3 Rab8 12.Rfd1 e5 13.dxe5 Nxe5 14.Nxe5 Qxe5 15.Ne2
Ne4 16.Nd4 Bg4 17.f3 Bd6 18.g3 Nc5 19.Qc2 Bh3 20.Bf1 Bxf1 21.Rxf1 Ne6 22.Nxe6
Qxe6 23.e4 c5 24.Be3 Rfc8 25.Qf2 b6 26.Rfd1 Be5 27.f4 Bf6 28.e5 Be7 29.Qg2 Rc7
30.Qd5 Qxd5 31.Rxd5 Kf8 32.Kf2 Ke8 33.Kf3 Rd7 34.Rcd1 Rbd8 35.Ke4 Rxd5 36.Rxd5
Rxd5 37.Kxd5 Kd7 38.f5 g6 39.f6 Bd8 40.a4 a5 41.b3 h5 42.h4 Bc7 43.Bh6 Bd8
44.Bf8 Bc7 45.Bd6 Bd8 46.Bb8 Kc8 47.e6 fxe6+ 48.Kxe6 Bxf6 49.Kxf6 Kxb8 50.Kxg6
Kc7 51.Kxh5 {#r} 1-0

[Event "Hampstead Under 2200 19-20 January 2013"]
[Site "London, England"]
[Date "2013.01.19"]
[Round "3"]
[White "Brozel,Sacha"]
[Black "Willmoth,Harrison"]
[Result "1-0"]
[WhiteElo "1562"]
[BlackElo "1410"]

1.d4 d5 2.c4 e6 3.Nc3 Nf6 4.cxd5 exd5 5.Bg5 Be7 6.e3 O-O 7.Bd3 b6 8.Nf3 Bb7
9.O-O h6 10.Bf4 a6 11.a3 c5 12.b3 cxd4 13.Nxd4 Nbd7 14.b4 Rc8 15.Qb3 Re8
16.Rac1 Nf8 17.Rc2 Qd7 18.Rfc1 Ng6 19.Bf5 Qd8 20.Bxc8 Qxc8 21.Nxd5 Qg4
22.Nxe7+ Rxe7 23.f3 Qd7 24.Rc7 Qd8 25.Rxe7 Qxe7 26.Rc7 Bd5 27.Qc2 Qf8 28.Rc8
Ne8 29.Bg3 Qe7 30.e4 Bb7 31.Rb8 Qd7 32.Nf5 Kh8 33.e5 {#r} 1-0

[Event "Hampstead Under 2200 19-20 January 2013"]
[Site "London, England"]
[Date "2013.01.19"]
[Round "3"]
[White "Hadi,Justin"]
[Black "Reed,Liam"]
[Result "0-1"]
[WhiteElo "2068"]
[BlackElo "1330"]

1.e4 g6 2.d4 Bg7 3.Nc3 d6 4.Bg5 Nf6 5.Qd2 O-O 6.f3 Nbd7 7.O-O-O c5 8.Nge2 Re8
9.Bh6 Bh8 10.g4 b6 11.e5 cxd4 12.exf6 dxc3 13.Nxc3 Nxf6 14.g5 Nd7 15.Bc4 Bb7
16.h4 Ne5 17.Bd5 Bxd5 18.Qxd5 e6 19.Qb3 Nxf3 20.Ne4 Nd4 21.Qe3 Nf5 22.Qf2 Qc7
23.h5 Nxh6 24.gxh6 Qe7 25.hxg6 fxg6 26.Rxd6 Rf8 27.Qe2 Rad8 28.Rhd1 Rfe8
29.Rd7 Qh4 30.Ng5 Bf6 31.Nxh7 {#R} 0-1

[Event "Hampstead Under 2200 19-20 January 2013"]
[Site "London, England"]
[Date "2013.01.19"]
[Round "3"]
[White "Vir,Prahast"]
[Black "Darvish,Masoud"]
[Result "1-0"]
[WhiteElo "1679"]
[BlackElo "1106"]

1.e4 c5 2.Nf3 Nc6 3.d4 cxd4 4.Nxd4 d6 5.Nc3 Nf6 6.Be3 g6 7.f3 Bg7 8.Bc4 O-O
9.Qd2 Re8 10.O-O-O Bd7 11.g4 Rc8 12.Bb3 Ne5 13.h4 Nc4 14.Bxc4 Rxc4 15.h5 Qa5
16.Nb3 Qa6 17.hxg6 fxg6 18.Bh6 Bh8 19.Be3 b6 20.e5 Ba4 21.exf6 Bxf6 22.Qh2
Bxb3 23.Qxh7+ Kf8 24.Bh6+ {#r} 1-0

[Event "Hampstead Under 2200 19-20 January 2013"]
[Site "London, England"]
[Date "2013.01.20"]
[Round "4"]
[White "Hasman,Cengiz"]
[Black "Eden,Tomer"]
[Result "0-1"]
[WhiteElo "2151"]
[BlackElo "2179"]

1.d4 Nf6 2.c4 c5 3.d5 b5 4.cxb5 a6 5.b6 d6 6.Nc3 Nbd7 7.a4 Qxb6 8.Nf3 g6 9.Nd2
Bg7 10.Nc4 Qb4 11.Nd2 O-O 12.a5 e6 13.Ra4 Qb7 14.dxe6 fxe6 15.e4 d5 16.exd5
exd5 17.Be2 Ne5 18.O-O Bd7 19.Ra3 Bc6 20.Na4 Qb4 21.Nb6 Rad8 22.Bxa6 c4 23.Qc2
Nfd7 24.Ndxc4 dxc4 25.Bd2 Qd6 26.Nxc4 Nxc4 27.Qxc4+ Bd5 28.Qe2 Ne5 29.Re3 Bxg2
30.Kxg2 Qxd2 31.Rxe5 Bxe5 32.Bc4+ Kg7 33.Qxe5+ Kh6 34.Kh1 Rf5 {#R} 0-1

[Event "Hampstead Under 2200 19-20 January 2013"]
[Site "London, England"]
[Date "2013.01.20"]
[Round "4"]
[White "Cork, Dave"]
[Black "Willmoth,Robert"]
[Result "0-1"]
[WhiteElo "1835"]
[BlackElo "2142"]

1.e4 e6 2.d4 d5 3.Nc3 Bb4 4.e5 c5 5.a3 Bxc3+ 6.bxc3 Ne7 7.Qg4 Nf5 8.Bd3 h5
9.Qh3 Qc7 10.Bxf5 exf5 11.Ne2 cxd4 12.cxd4 Qxc2 13.Bd2 Nc6 14.Qg3 Be6 15.Rc1
Qb2 16.Qxg7 O-O-O 17.Qg3 Kb8 18.Qc3 Qb5 19.Qc5 Qa6 20.Rb1 Rc8 21.Qb5 Qxb5
22.Rxb5 a6 23.Rb3 Ka7 24.O-O b6 25.Rfb1 Rb8 26.Bb4 Nxb4 27.Rxb4 Rhc8 28.g3 h4
29.R4b3 hxg3 30.fxg3 Rc4 31.Rc3 b5 32.Rxc4 dxc4 33.Nc3 Rd8 34.a4 bxa4 35.Rd1
Bd7 36.d5 Re8 37.Re1 Kb6 38.h4 Kc5 39.g4 Kd4 40.Ne2+ Kxd5 {#R} 0-1

[Event "Hampstead Under 2200 19-20 January 2013"]
[Site "London, England"]
[Date "2013.01.20"]
[Round "4"]
[White "Fegan,Chris"]
[Black "Giles,Yasmin"]
[Result "1-0"]
[WhiteElo "2008"]
[BlackElo "1842"]

1.d4 d5 2.Bf4 Nf6 3.e3 Bf5 4.c4 c6 5.Nf3 Nbd7 6.h3 h6 7.Nc3 e6 8.Qb3 Qc8 9.Rc1
dxc4 10.Bxc4 Be7 11.O-O O-O 12.g4 Be4 13.Nxe4 Nxe4 14.Bxe6 a5 15.a4 g5 16.Bh2
Kg7 17.Bf5 Nd6 18.Bb1 h5 19.gxh5 g4 20.hxg4 Nf6 21.Kh1 Nde4 22.g5 Nxh5 23.Bxe4
Qg4 24.Qc2 Kh8 25.Rg1 Qh3 26.Ne5 Bd6 27.Bf5 Qh4 28.Nf3 Ng3+ 29.Rxg3 Bxg3
30.Nxh4 Bxh4 31.Be5+ f6 32.gxf6 Rxf6 33.Qe4 {#r} 1-0

[Event "Hampstead Under 2200 19-20 January 2013"]
[Site "London, England"]
[Date "2013.01.20"]
[Round "4"]
[White "Hassabis,George"]
[Black "Springett,Michael"]
[Result "1-0"]
[WhiteElo "1674"]
[BlackElo "1418"]

1.d4 Nf6 2.Nf3 e6 3.Bg5 c5 4.c3 d5 5.g3 h6 6.Bf4 Nc6 7.Bg2 Bd6 8.Bxd6 Qxd6
9.O-O O-O 10.Ne1 c4 11.Nd2 b5 12.a4 b4 13.e4 Nh7 14.Nc2 bxc3 15.bxc3 a6 16.Ne3
Ne7 17.e5 Qb8 18.Qc2 Ra7 19.Rab1 Qc7 20.Rb2 Rb7 21.Rfb1 Rxb2 22.Qxb2 Qd8
23.Qb6 Ng6 24.Nc2 Qg5 25.f4 Qf5 26.Ne1 Nxf4 27.gxf4 Qxf4 28.Qb2 Rd8 29.Ndf3
Rd7 30.Qb8 Rd8 31.Qc7 Rf8 32.Rb8 Ng5 33.Rxc8 Nxf3+ 34.Bxf3 Qe3+ 35.Kf1 Rxc8
36.Qxc8+ Kh7 37.Qb7 Kg6 38.Qb1+ Kg5 39.Qh7 g6 40.Qxf7 Qxc3 41.Qf6# 1-0

[Event "Hampstead Under 2200 19-20 January 2013"]
[Site "London, England"]
[Date "2013.01.20"]
[Round "4"]
[White "Haria,Ravi"]
[Black "Haridas,Girinath"]
[Result "1-0"]
[WhiteElo "2050"]
[BlackElo "1773"]

1.e4 c5 2.Nf3 d6 3.c3 Nf6 4.Be2 Nc6 5.d4 cxd4 6.cxd4 g6 7.Nc3 Bg7 8.O-O O-O
9.h3 a6 10.d5 Nb8 11.Be3 Nbd7 12.Rc1 b5 13.Nd4 Bb7 14.Nc6 Bxc6 15.dxc6 Ne5
16.Nd5 Nxd5 17.exd5 Qa5 18.b3 f5 19.f4 Nf7 20.Rc2 Rfc8 21.Bd4 Bxd4+ 22.Qxd4
Nd8 23.g4 e6 24.dxe6 Nxe6 25.Qd5 Qb6+ 26.Kh2 Qe3 27.gxf5 gxf5 28.Qxf5 Rf8
29.Qg4+ Kh8 30.Rf3 Qe4 31.Bd3 Qd5 32.Bxh7 Kxh7 33.Qh4+ Kg8 34.Rg2+ Ng7
35.Rxg7+ Kxg7 36.Rg3+ Kf7 37.Qh7+ Ke8 38.Qd7# 1-0

[Event "Hampstead Under 2200 19-20 January 2013"]
[Site "London, England"]
[Date "2013.01.20"]
[Round "4"]
[White "Fordham,Nicholas"]
[Black "Georgiev,Ivan"]
[Result "1-0"]
[WhiteElo "1850"]
[BlackElo "1768"]

1.e4 c5 2.d4 cxd4 3.c3 Nf6 4.e5 Nd5 5.Bc4 Nb6 6.Bb3 e6 7.cxd4 d5 8.Nc3 Nc6
9.Nf3 Bd7 10.O-O Be7 11.Bc2 Rc8 12.a3 Na5 13.Ne2 Qc7 14.Nc3 Nac4 15.a4 Na5
16.Ng5 h6 17.Qh5 Bxg5 18.Bxg5 Qc4 19.Rad1 Bxa4 20.Nxa4 Nxa4 21.Bd3 Qb3 22.Bg6
Rc7 23.Rd3 Qxb2 24.Rf3 Rf8 25.Qg4 Qb6 26.Bc1 Nc4 27.Bc2 Qc6 28.Qxg7 Qd7
29.Bxh6 Qe7 30.Bxa4+ Kd8 {#r} 1-0

[Event "Hampstead Under 2200 19-20 January 2013"]
[Site "London, England"]
[Date "2013.01.20"]
[Round "4"]
[White "Vachtfeidl,Petr"]
[Black "Balouka-Myers,Gabriel"]
[Result "1-0"]
[WhiteElo "1952"]
[BlackElo "1507"]

1.e4 c6 2.d4 d5 3.Nc3 dxe4 4.Nxe4 Bf5 5.Ng3 Bg6 6.h4 h6 7.Nf3 Nf6 8.Ne5 Bh7
9.Bc4 e6 10.Qe2 Qxd4 11.Nxf7 Rg8 12.Qxe6+ Be7 13.Qc8+ Bd8 14.Qxd8+ Qxd8
15.Nxd8 Kxd8 16.Bxg8 Nxg8 17.c3 Ne7 18.Be3 Nd5 19.O-O-O Nd7 20.Bd4 g6 21.Rhe1
Kc7 22.Bg7 h5 23.Ne4 Rg8 24.Bh6 Ne7 25.Ng5 Nf5 26.Nxh7 Nxh6 27.Re7 Rd8 28.Nf6
Nf5 29.Rdxd7+ {#r} 1-0

[Event "Hampstead Under 2200 19-20 January 2013"]
[Site "London, England"]
[Date "2013.01.20"]
[Round "4"]
[White "Brozel,Sacha"]
[Black "Lees,Fraser"]
[Result "0-1"]
[WhiteElo "1562"]
[BlackElo "1886"]

1.d4 g6 2.e4 Bg7 3.Nc3 c6 4.Nf3 d5 5.e5 Qb6 6.Na4 Qc7 7.Nc5 Nd7 8.e6 Nxc5
9.exf7+ Kxf7 10.dxc5 h6 11.c3 e5 12.Bd2 Ne7 13.Be2 Nf5 14.g4 Ne7 15.h3 Be6
16.O-O e4 17.Nd4 Bxd4 18.cxd4 h5 19.Bg5 hxg4 20.Bxg4 Nf5 21.Bxf5 Bxf5 22.h4
Rh5 23.Qd2 Rah8 24.Qe3 Rxh4 25.Bxh4 Rxh4 26.Qg3 Rg4 27.Kg2 Rxg3+ 28.fxg3 Kg7
29.b4 Qe7 30.Rae1 Qg5 31.Rf4 Qh5 32.Rh4 Qf3+ 33.Kh2 Qf2+ 34.Kh1 Qxe1+ 35.Kh2
Qxb4 36.g4 Qe1 37.Kh3 Qe3+ 38.Kh2 Qf2+ 39.Kh3 Qf3+ 40.Kh2 Bxg4 41.Kg1 Qg3+
42.Kf1 Qxh4 43.a4 Qh1+ 44.Kf2 Qf3+ 45.Kg1 Bh3 46.a5 Qg2# 0-1

[Event "Hampstead Under 2200 19-20 January 2013"]
[Site "London, England"]
[Date "2013.01.20"]
[Round "4"]
[White "Balouka-Myers,Reuben"]
[Black "Caputo,Francesco"]
[Result "0-1"]
[WhiteElo "1548"]
[BlackElo "1770"]

1.e4 e5 2.Nf3 Nc6 3.Bb5 a6 4.Bxc6 dxc6 5.O-O f6 6.Nc3 Bg4 7.h3 Bh5 8.d3 Qd7
9.Be3 g5 10.d4 exd4 11.Qxd4 Bxf3 12.Qxd7+ Kxd7 13.gxf3 Bd6 14.Rfd1 Ke6 15.Kg2
Ne7 16.Rd2 Ng6 17.Ne2 Nh4+ 18.Kh1 Nxf3 19.Rd3 Ne5 20.Rdd1 c5 21.b3 Nf3 22.Rd3
Ne5 23.Rdd1 Ng6 24.Rd3 b6 25.a3 c6 26.Rad1 Rad8 27.Ng3 Bc7 28.Nf5 Rxd3 29.Rxd3
Rd8 30.Rxd8 Bxd8 31.Kg2 Ne7 32.Nxe7 Bxe7 33.a4 f5 34.exf5+ Kxf5 35.Kf3 h5
36.Bd2 Bd6 37.Be3 g4+ 38.hxg4+ hxg4+ 39.Ke2 Bf4 40.Bxf4 Kxf4 {#R} 0-1

[Event "Hampstead Under 2200 19-20 January 2013"]
[Site "London, England"]
[Date "2013.01.20"]
[Round "4"]
[White "Keohane,Ben"]
[Black "Chellappah,Kuhan"]
[Result "1-0"]
[WhiteElo "2114"]
[BlackElo "1618"]

1.e4 e5 2.Nf3 Nf6 3.Nc3 Bb4 4.Bc4 Nc6 5.O-O O-O 6.d4 Bxc3 7.bxc3 Nxe4 8.d5 Na5
9.Bd3 Nd6 10.Bxh7+ Kxh7 11.Ng5+ Kg8 12.Qh5 Re8 13.Qh7+ Kf8 14.Qh8+ Ke7 15.Qxg7
Nac4 16.Re1 e4 {#r} 1-0

[Event "Hampstead Under 2200 19-20 January 2013"]
[Site "London, England"]
[Date "2013.01.20"]
[Round "4"]
[White "Hayward,Alan"]
[Black "Vir,Prahast"]
[Result "1-0"]
[WhiteElo "1962"]
[BlackElo "1679"]

1.d4 Nf6 2.Nc3 d5 3.Bg5 c6 4.f3 Bf5 5.g4 Bg6 6.h4 h6 7.Bf4 e6 8.e3 Bd6 9.Bd3
Bxd3 10.Qxd3 Bxf4 11.exf4 Qd6 12.Nge2 Nbd7 13.O-O-O b5 14.Rde1 Kd8 15.f5 e5
16.g5 Nh5 17.Rhg1 Kc7 18.Qd2 a5 19.f6 g6 20.dxe5 Nxe5 21.Nd4 Rab8 22.Ncxb5+
Rxb5 23.Nxb5+ cxb5 24.Qxa5+ Kd7 25.Re3 Nc6 26.Qxb5 Rb8 27.Re7+ Kd8 28.Rge1
Qf4+ 29.Kb1 Qd2 30.Qxc6 Rxb2+ 31.Kxb2 Qb4+ 32.Ka1 {#r} 1-0

[Event "Hampstead Under 2200 19-20 January 2013"]
[Site "London, England"]
[Date "2013.01.20"]
[Round "4"]
[White "Reed,Liam"]
[Black "Sloan,Cecil"]
[Result "0-1"]
[WhiteElo "1330"]
[BlackElo "1730"]

1.e4 c5 2.Nf3 g6 3.c3 Bg7 4.d4 cxd4 5.cxd4 d5 6.Bd3 dxe4 7.Bxe4 Nf6 8.Bd3 O-O
9.O-O Nc6 10.Be3 Nd5 11.Qd2 Nxe3 12.fxe3 e5 13.dxe5 Nxe5 14.Nxe5 Bxe5 15.Nc3
Be6 16.Rad1 Qc7 17.g3 Rad8 18.Qf2 Bxc3 19.bxc3 Qxc3 20.Qe2 Qc8 21.Rc1 Qd7
22.Rc3 Bg4 23.Qc2 Rc8 24.Rf4 Rxc3 25.Qxc3 Rc8 26.Bc4 Be6 27.Bxe6 Qd1+ 28.Rf1
Qxf1+ 29.Kxf1 Rxc3 30.Bd5 b6 31.Ke1 Rxe3+ 32.Kd2 Re5 33.Bb3 Kf8 34.Kd3 Ke7
35.Kd4 Re2 36.h3 Rg2 37.g4 Rg3 38.a4 Rxb3 {#R} 0-1

[Event "Hampstead Under 2200 19-20 January 2013"]
[Site "London, England"]
[Date "2013.01.20"]
[Round "4"]
[White "Darvish,Masoud"]
[Black "Willmoth,Harrison"]
[WhiteElo "1106"]
[BlackElo "1410"]

1.d4 d5 2.c4 e6 3.cxd5 exd5 4.Nf3 Nf6 5.g3 Be7 6.Bg2 O-O 7.O-O Nbd7 8.Nc3 Nb6
9.Bf4 c6 10.Qd3 Bg4 11.Be5 h6 12.e4 Qd7 13.Rfe1 dxe4 14.Nxe4 Bf5 15.Nfd2 Nxe4
16.Bxe4 Bxe4 17.Qxe4 Rfe8 18.Bf4 Bf6 19.Qd3 Qxd4 20.Rxe8+ Rxe8 21.Qxd4 Bxd4
22.Rb1 Re2 23.Kf1 Rxf2+ 24.Ke1 Rxh2 25.b3 Rh1+ 26.Nf1 Bc3+ 27.Ke2 Rh5 28.Kd3
Bf6 29.Ke3 Rd5 30.Nd2 Bd4+ 31.Kf3 Be5 32.Nc4 Bxf4 33.Kxf4 Nxc4 34.bxc4 Rd2
35.Rxb7 Rxa2 36.Rc7 Ra6 37.Ke5 Kf8 38.Kd6 c5+ 39.Kd7 f6 40.Rxc5 Kf7 41.Rc6 Ra3
42.Rc5 Rxg3 43.Rd5 Re3 44.Rc5 Re7+ 45.Kd6 -- *

[Event "Hampstead Under 2200 19-20 January 2013"]
[Site "London, England"]
[Date "2013.01.20"]
[Round "4"]
[White "Batkin,Cyril"]
[Black "Dydak,Mateusz"]
[Result "1/2-1/2"]
[WhiteElo "1816"]
[BlackElo "1952"]

1.e4 e6 2.d4 d5 3.e5 c5 4.c3 Qb6 5.Nf3 Bd7 6.Be2 Bb5 7.O-O Bxe2 8.Qxe2 Nc6
9.Be3 cxd4 10.cxd4 Nge7 11.Nc3 Nf5 12.Rfd1 h6 13.g4 Nxe3 14.fxe3 Be7 15.Rac1
O-O 16.h4 f6 17.exf6 Rxf6 18.g5 Rf7 19.b3 Raf8 20.Rf1 hxg5 21.Nxg5 Rxf1+
22.Rxf1 Rxf1+ 23.Qxf1 Bxg5 24.hxg5 Qc7 25.Ne2 e5 26.Qf5 Qe7 27.dxe5 Qxe5
28.Qxe5 Nxe5 29.Kg2 Nc6 30.Nd4 Kf7 31.Kf3 Ne5+ 32.Kf4 Ng6+ {#d} 1/2-1/2

[Event "Hampstead Under 2200 19-20 January 2013"]
[Site "London, England"]
[Date "2013.01.20"]
[Round "5"]
[White "Willmoth,Robert"]
[Black "Fegan,Chris"]
[Result "1-0"]
[WhiteElo "2142"]
[BlackElo "2008"]

1.Nf3 g6 2.d4 Bg7 3.e3 d6 4.b3 Nf6 5.Bb2 O-O 6.Bd3 a6 7.Nbd2 c5 8.O-O Nc6 9.c4
Rb8 10.Rc1 e5 11.dxc5 dxc5 12.Qe2 Bg4 13.Rfd1 Qe7 14.h3 Bxf3 15.Qxf3 Rbd8
16.Ne4 Nh5 17.g4 Nf6 18.Nxf6+ Bxf6 19.Be4 Rc8 20.Ba3 Bh4 21.Rd5 b6 22.Rcd1 f5
23.gxf5 gxf5 24.Bc2 Kh8 25.Kh2 e4 26.Qh5 Rcd8 27.Bb2+ Bf6 28.Bxf6+ Qxf6 29.f3
Rxd5 30.Rxd5 Qb2 31.Rd2 Ne5 32.fxe4 fxe4 33.Qxh7+ Kxh7 34.Bxe4+ Kh6 35.Rxb2 b5
{#r} 1-0

[Event "Hampstead Under 2200 19-20 January 2013"]
[Site "London, England"]
[Date "2013.01.20"]
[Round "5"]
[White "Eden,Tomer"]
[Black "Haria,Ravi"]
[Result "1/2-1/2"]
[WhiteElo "2179"]
[BlackElo "2050"]

1.b3 e5 2.Bb2 d6 3.g3 f5 4.Bg2 Nf6 5.e3 Be7 6.Ne2 O-O 7.d4 e4 8.c4 Nc6 9.Nbc3
Nb4 10.Nc1 c5 11.a3 cxd4 12.axb4 dxc3 13.Bxc3 Be6 14.Ne2 Ng4 15.Nf4 Bf6 16.Bd4
Bf7 17.h3 Ne5 18.h4 Nc6 19.Bxf6 Qxf6 20.Nd5 Qe5 21.b5 Bxd5 22.Qxd5+ Qxd5
23.cxd5 Nb4 24.O-O Rfc8 25.Rfc1 Rc5 26.Bf1 Kf7 27.Rc4 Rxc4 28.Bxc4 a5 29.bxa6
bxa6 30.Ra5 Ke7 31.f3 exf3 32.Kf2 Kd7 33.Kxf3 Kc7 34.Ke2 Kb6 35.Ra1 Kc5 36.Rf1
g6 37.Ra1 a5 38.Ra4 Kb6 39.Ra1 Re8 40.Kd2 Re5 41.Ra4 Nxd5 42.Bxd5 Rxd5+ 43.Kc3
Re5 44.Kd3 Kb5 45.Rc4 Re4 46.Rc7 Kb4 47.Rb7+ Ka3 48.Rb5 Rg4 49.Kc3 {#d}
1/2-1/2

[Event "Hampstead Under 2200 19-20 January 2013"]
[Site "London, England"]
[Date "2013.01.20"]
[Round "5"]
[White "Hassabis,George"]
[Black "Hasman,Cengiz"]
[Result "0-1"]
[WhiteElo "1674"]
[BlackElo "2151"]

1.d4 Nf6 2.Nf3 g6 3.Bg5 Bg7 4.c3 d6 5.g3 O-O 6.Bg2 h6 7.Bc1 Nc6 8.d5 Nb8
9.Nfd2 c5 10.O-O Na6 11.Qb3 Nc7 12.f4 Rb8 13.e4 e6 14.dxe6 Bxe6 15.Qc2 b5
16.Nf3 Re8 17.Rd1 Qe7 18.e5 Bf5 19.Qb3 dxe5 20.Nxe5 Rbd8 21.Rf1 Rd6 22.Nd2 Be6
23.Qa3 Bd5 24.Ndf3 Ra6 {#R} 0-1

[Event "Hampstead Under 2200 19-20 January 2013"]
[Site "London, England"]
[Date "2013.01.20"]
[Round "5"]
[White "Lees,Fraser"]
[Black "Fordham,Nicholas"]
[Result "0-1"]
[WhiteElo "1886"]
[BlackElo "1850"]

1.e4 Nf6 2.e5 Nd5 3.Bc4 Nb6 4.Bb3 e6 5.d4 c5 6.c3 cxd4 7.cxd4 Nc6 8.Nf3 d6
9.Bg5 Qc7 10.exd6 Bxd6 11.O-O Bf4 12.Nc3 Bxg5 13.Nxg5 Qe7 14.Nge4 O-O 15.Re1
Rd8 16.d5 exd5 17.Ng3 Be6 18.Qh5 Qf6 19.Bc2 g6 20.Qh6 Qg7 21.Qg5 Nb4 22.Bb3
Nd3 23.Re3 h6 24.Qe7 Rd7 25.Qa3 Ne5 26.Qb4 d4 27.Rxe5 Qxe5 28.Bxe6 fxe6
29.Nce4 Rc8 30.Qd2 Kg7 31.Re1 Nc4 32.Qb4 Qa5 33.Qxa5 Nxa5 34.Nd2 Nc4 35.Nb3 d3
36.Nf1 d2 37.Rd1 Nxb2 38.Rxd2 Rxd2 39.Nfxd2 Nd3 40.Kf1 Rc2 41.a4 Nc1 42.Nxc1
Rxc1+ 43.Ke2 Ra1 44.Kd3 {#R} 0-1

[Event "Hampstead Under 2200 19-20 January 2013"]
[Site "London, England"]
[Date "2013.01.20"]
[Round "5"]
[White "Giles,Yasmin"]
[Black "Vachtfeidl,Petr"]
[Result "1/2-1/2"]
[WhiteElo "1842"]
[BlackElo "1952"]

1.e4 c5 2.Nc3 Nc6 3.Bb5 Nd4 4.Nf3 e6 5.Nxd4 cxd4 6.Ne2 Qg5 7.Bc4 Qxg2 8.Ng3
Qh3 9.Bf1 Qh4 10.Bg2 Nf6 11.Qe2 Bc5 12.e5 Nd5 13.Bxd5 exd5 14.Nf5 Qe4 15.Nd6+
Bxd6 16.Qxe4 dxe4 17.exd6 O-O 18.d3 exd3 19.cxd3 Re8+ 20.Kd1 b6 21.Re1 Bb7
22.Bf4 Rxe1+ 23.Kxe1 Rc8 24.Kd2 f6 25.Re1 Bd5 26.b3 g5 27.Bg3 h5 28.h4 Be6
29.Re4 Kf7 30.Rxd4 Kg6 31.Re4 Kf5 32.Re1 Rc5 33.b4 Rc6 34.a3 gxh4 35.Bh2 h3
36.Re3 Rc8 37.Rxh3 Kg6 {#d} 1/2-1/2

[Event "Hampstead Under 2200 19-20 January 2013"]
[Site "London, England"]
[Date "2013.01.20"]
[Round "5"]
[White "Caputo,Francesco"]
[Black "Cork, Dave"]
[Result "1/2-1/2"]
[WhiteElo "1770"]
[BlackElo "1835"]

1.e4 c5 2.Nf3 d6 3.d4 cxd4 4.Nxd4 Nf6 5.f3 g6 6.c4 Bg7 7.Nc3 O-O 8.Be3 Nc6
9.Qd2 Bd7 10.Be2 Qa5 11.O-O Rfc8 12.Rfd1 Ne5 13.b3 a6 14.Nd5 Qd8 15.Rac1 Nxd5
16.cxd5 Rxc1 17.Rxc1 Rc8 18.h3 Be8 19.f4 Nd7 20.Bg4 h5 21.Bf3 Nf6 22.f5 Bd7
23.fxg6 fxg6 24.Ne6 Rxc1+ 25.Qxc1 Qc8 26.Qxc8+ Bxc8 27.Nxg7 Kxg7 28.Bd4 Kf7
29.e5 dxe5 30.Bxe5 b5 31.d6 exd6 32.Bxd6 {#d} 1/2-1/2

[Event "Hampstead Under 2200 19-20 January 2013"]
[Site "London, England"]
[Date "2013.01.20"]
[Round "5"]
[White "Haridas,Girinath"]
[Black "Keohane,Ben"]
[Result "0-1"]
[WhiteElo "1773"]
[BlackElo "2114"]

1.d4 Nc6 2.c4 e5 3.d5 Nce7 4.Nc3 Ng6 5.e4 Bc5 6.Nf3 a5 7.Be2 d6 8.a3 f5 9.O-O
f4 10.Na4 Ba7 11.b4 Nf6 12.Bd3 Bg4 13.Bb2 Qd7 14.c5 Bxf3 15.gxf3 Nh4 16.Kh1
Qh3 17.Rg1 Nxf3 18.Rg2 Ng4 19.Bb5+ Kf8 20.Bd7 h5 21.Qd3 Rd8 22.Be6 Rh6 23.Bf5
g6 24.Be6 g5 25.Bf5 Rf6 26.Bxg4 hxg4 27.Rag1 Rh6 28.Qxf3 gxf3 29.Rg4 {#R} 0-1

[Event "Hampstead Under 2200 19-20 January 2013"]
[Site "London, England"]
[Date "2013.01.20"]
[Round "5"]
[White "Sloan,Cecil"]
[Black "Hayward,Alan"]
[Result "1/2-1/2"]
[WhiteElo "1730"]
[BlackElo "1962"]

1.e4 d5 2.exd5 Nf6 3.Nf3 c6 4.dxc6 Nxc6 5.Bb5 Bd7 6.O-O e5 7.d3 Bd6 8.Nc3 O-O
9.Bg5 Bg4 10.Bxc6 bxc6 11.Ne4 Be7 12.Nxf6+ gxf6 13.Bh6 Re8 14.h3 Bh5 15.Qd2
Bxf3 16.gxf3 Kh8 17.Kh2 Rg8 18.Rg1 Qd5 19.Qe2 Bd6 20.Rxg8+ Rxg8 21.Rg1 Rg6
22.Rxg6 hxg6 23.Bd2 Qxa2 24.Bc3 Qe6 25.Kg2 Kg8 26.Qe4 Bc7 27.Qg4 f5 28.Qg5 Kg7
29.Qe3 Bb8 30.Qc5 f6 31.Bb4 Qe8 {#d} 1/2-1/2